The wisdom of Solomon (Record no. 420361)

MARC details
000 -LEADER
fixed length control field 00624nam a2200205Ia 4500
008 - FIXED-LENGTH DATA ELEMENTS--GENERAL INFORMATION
fixed length control field 191130s1973##################000#0#eng##
020 ## - INTERNATIONAL STANDARD BOOK NUMBER
ISBN 9780521097567
082 ## - DEWEY DECIMAL CLASSIFICATION NUMBER
Classification number 229.3077 CLA
100 ## - MAIN ENTRY--AUTHOR NAME
Personal name Clarke, Ernest G
245 ## - TITLE STATEMENT
Title The wisdom of Solomon
Statement of responsibility, etc commentary by Ernest G. Clarke
260 ## - PUBLICATION, DISTRIBUTION, ETC. (IMPRINT)
Place of publication Cambridge
Name of publisher University Press
Year of publication 1973
300 ## - PHYSICAL DESCRIPTION
Number of Pages xii, 136 p. 21 cm
500 ## - GENERAL NOTE
General note Includes bibliographical references
650 ## - SUBJECT ADDED ENTRY--TOPICAL TERM
Topical Term Bible. O.T. Apocrypha. Wisdom of Solomon - Commentaries
991 ## -
-- 84978

No items available.

Find us on the map